000 00832cam0 2200265 ib4500
001 BY-MI0004-br22664
005 20260319101358.0
010 ^d8000р.
035 ^a(BY-MI0004)BY-MI0004-br22664
100 ^a20140812d1987 u y0rusy50 ca
101 0 ^arus
102 ^aRU
105 ^ay z 000 y
200 1 ^aИзбранные сочинения
^bтекст
^fИван Тургенев
210 ^aМосква
^cХудоэж.лит.
^d1987
215 ^a671с.
225 1 ^aБиблиотека учителя
610 0 ^aрусская литература
686 ^a84(2Рос=Рус)1
^2rubbk
690 ^a1
^2Base
^9BY-MI0004
^xRSEK
700 1 ^aТургенев
^bИ.С.
801 0 ^c20140812
^aBY
^bBY-MI0004
^gpsbo
899 ^aBY-MI0004
^hТ87